000 00776nam a2200241Ia 4500
003 OSt
005 20220927104759.0
006 a|||||r|||| 00| 0
007 ta
008 220926b |||||||| |||| 00| 0 eng d
024 _a158865
037 _cReference Collections
040 _aRTL
_cRTL
_beng
041 _2eng
_aeng
082 _a"W:19(ZT)n 1N45, N76, M7.12"
110 _a"United Nations, Disarnament affirs (deptt. for-)"
_9367337
245 0 _aUnited Nations disarmament year-book. V. 12
300 _a"xix, 505p"
_ccm.
490 _aUN Publication Sales No E.88.ix.2)
700 _a"United Nations, Disarnament affirs (deptt. for-)"
_9367338
942 _h"W:19(ZT)n 1N45, N76, M7.12"
_cCC
999 _c688680
_d688680